000 00483cam a22001577a 4500
008 180718b1993 xxu||||| |||| 00| 0 eng d
020 _a818597215x
082 _aN6000 In2
245 _aNatural disaster reduction
_cedited by Girish K. Misra and G.C. Mathur
260 _aDelhi
_bS.K. Bhatia
_c1993
300 _a269p.
650 _aDisasters
700 _aIndian Institute of Public Administration, Centre for Urban Studies
700 _aMathur, G.C.
700 _aMisra, Girish K.
999 _c478924
_d478924